000 00532nab a2200181 4500
999 _c372377
_d372377
001 90031
003 OSt
005 20230417134555.0
007 tu
008 110905s2000|||||||
040 _aDE-2950
_cDE-2950
245 0 0 _aBooßen verliert sein Wahrzeichen.
_bFabrikreste. Der Schornstein der Alten Brennerei wird abgetragen ...
264 _c2023
653 _aFrankfurt (Oder) <Booßen>
653 _aAlte Brennerei
773 0 _g34. Jahrgang (2023) Nr. 89, 17.04.2023, S. 13: mit Foto
_tMärkische Oderzeitung
942 _2z
_cA